| 000 | 00405pab a2200169 454500 | ||
|---|---|---|---|
| 008 | 180718b1997 xxu||||| |||| 00| 0 eng d | ||
| 100 | _aGani, A. | ||
| 245 | _aManpower training on the line: an exploratory study | ||
| 260 | _c1997 | ||
| 300 | _ap.27-40 | ||
| 362 | _aOct-Dec | ||
| 650 | _aTraining | ||
| 650 | _aManpower | ||
| 700 | _aRainaye, Riyaz | ||
| 773 | _aManpower Journal | ||
| 909 | _a36605 | ||
| 999 |
_c36605 _d36605 |
||